[Event "Hamburg Seniors-ch 20th"]
[Site "Hamburg"]
[Date "2013.10.30"]
[Round "1"]
[White "Laber, Witalij"]
[Black "Ditmas, Hugh"]
[Result "0-1"]
[WhiteElo "1452"]
[BlackElo "1912"]
[PlyCount "68"]
[EventDate "2013.10.30"]
[EventType "swiss"]
[EventRounds "9"]
[EventCountry "GER"]
[SourceTitle "EXT 2015"]
[Source "ChessBase"]
[SourceDate "2014.11.20"]
[SourceVersion "1"]
[SourceVersionDate "2014.11.20"]
[SourceQuality "1"]

1. d4 Nf6 2. c4 e6 3. Nc3 Bb4 4. e3 0-0 5. Bd3 d5 6. Nge2 b6 7. 0-0 Bb7 8. Ng3 Nbd7 9. a3 Bd6 10. f4 Re8 11. Nb5 Bf8 12. Nc3 c5 13. cxd5 exd5 14. Bf5 g6 15. Bg4 Nxg4 16. Qxg4 Nf6 17. Qf3 Ne4 18. Qg4 cxd4 19. exd4 Bg7 20. Be3 Nxc3 21. bxc3 Rxe3 22. Rf3 Rxf3 23. Qxf3 f5 24. Qe2 Qe8 25. Qd3 Qd7 26. a4 Bc6 27. a5 Bb5 28. Qd2 bxa5 29. Rxa5 a6 30. Qa2 Re8 31. Qd2 Qe7 32. Ra1 Qe3+ 33. Qxe3 Rxe3 34. Rc1 Rxc3 0-1

[Event "Pinneberg op Seniors 14th"]
[Site "Pinneberg"]
[Date "2013.07.05"]
[Round "3"]
[White "Linke, Harry"]
[Black "Laber, Witalij"]
[Result "1-0"]
[WhiteElo "1680"]
[BlackElo "1397"]
[PlyCount "71"]
[EventDate "2013.06.20"]
[EventType "swiss"]
[EventRounds "7"]
[EventCountry "GER"]
[SourceTitle "EXT 2017"]
[Source "ChessBase"]
[SourceDate "2016.10.25"]
[SourceVersion "1"]
[SourceVersionDate "2016.10.25"]
[SourceQuality "1"]

1. e4 e5 2. Nf3 d6 3. d4 Nc6 4. dxe5 dxe5 5. Qxd8+ Kxd8 6. Bb5 Nd4 7. Nxd4 exd4 8. 0-0 c6 9. Bc4 Be6 10. Bxe6 fxe6 11. a3 h6 12. b4 b5 13. f4 Nf6 14. Rd1 c5 15. c3 Kc7 16. cxd4 Nxe4 17. dxc5 g5 18. Bb2 Rh7 19. Be5+ Kc6 20. Re1 Kd5 21. Nc3+ Nxc3 22. Bxc3 Bg7 23. Rad1+ Kc4 24. Bxg7 Rxg7 25. Rxe6 gxf4 26. Re4+ Kb3 27. Rd3+ Kc2 28. Rf3 Rd8 29. Re2+ Kd1 30. Ra2 Rd2 31. Rf1+ Ke2 32. Rf2+ Ke1 33. Raxd2 f3 34. Ra2 fxg2 35. Rxg2 Rxg2+ 36. Rxg2 1-0

[Event "Pinneberg op Seniors 14th"]
[Site "Pinneberg"]
[Date "2013.06.28"]
[Round "2"]
[White "Hecht, Horst"]
[Black "Laber, Witalij"]
[Result "0-1"]
[WhiteElo "1247"]
[BlackElo "1397"]
[PlyCount "73"]
[EventDate "2013.06.20"]
[EventType "swiss"]
[EventRounds "7"]
[EventCountry "GER"]
[SourceTitle "EXT 2017"]
[Source "ChessBase"]
[SourceDate "2016.10.25"]
[SourceVersion "1"]
[SourceVersionDate "2016.10.25"]
[SourceQuality "1"]

1. e4 c5 2. Nc3 e6 3. Bc4 a6 4. Nf3 b5 5. Be2 Bb7 6. b3 b4 7. Na4 Bxe4 8. d3 Bc6 9. Nb2 h6 10. 0-0 d6 11. Nc4 Nd7 12. a3 a5 13. Bd2 Ngf6 14. c3 Nd5 15. cxb4 axb4 16. axb4 cxb4 17. d4 Be7 18. Na5 Rxa5 19. Rc1 Qa8 20. Rc4 Nc3 21. Bxc3 bxc3 22. Rxc3 0-0 23. Qe1 Bxf3 24. Bxf3 d5 25. Qe3 Bg5 26. Qe2 Ra1 27. Rd3 Rxf1+ 28. Kxf1 Nf6 29. Rd1 Rd8 30. Qb2 Qb8 31. g3 Ne4 32. Bxe4 dxe4 33. h4 Qb5+ 34. Kg2 Bf6 35. Rc1 Qd5 36. Qb1 e3+ 37. f3 0-1

[Event "Hamburg-ch A-Klasse"]
[Site "Hamburg"]
[Date "2013.05.19"]
[Round "3"]
[White "Laber, Witalij"]
[Black "Behrensen Senfft, Joern"]
[Result "1-0"]
[WhiteElo "1629"]
[BlackElo "1308"]
[PlyCount "133"]
[EventDate "2013.05.18"]
[EventType "swiss"]
[EventRounds "9"]
[EventCountry "GER"]
[SourceTitle "EXT 2022"]
[Source "ChessBase"]
[SourceDate "2021.10.06"]
[SourceVersion "1"]
[SourceVersionDate "2021.10.06"]
[SourceQuality "1"]

1. e4 e6 2. d4 d5 3. e5 c5 4. Bb5+ Bd7 5. Bxd7+ Qxd7 6. c3 Nc6 7. Ne2 cxd4 8. cxd4 Nge7 9. 0-0 g6 10. Nd2 Bg7 11. Nf3 0-0 12. Bg5 Nf5 13. Bf6 Rac8 14. Qa4 a6 15. b4 Bxf6 16. exf6 Qd8 17. b5 axb5 18. Qxb5 Rb8 19. g4 Nd6 20. Qc5 Ne4 21. Qc1 Qxf6 22. Qf4 Qg7 23. Ne5 g5 24. Qe3 Nxe5 25. dxe5 Qxe5 26. f3 f5 27. fxe4 f4 28. Qc3 Qxe4 29. Rae1 f3 30. Ng3 Qxg4 31. Rf2 h5 32. Qe5 h4 33. Qxe6+ Qxe6 34. Rxe6 hxg3 35. hxg3 Rf5 36. g4 Rf4 37. Rg6+ Kf7 38. Rxg5 Rd8 39. Kh2 d4 40. Kg3 Rf6 41. Rb5 Rd7 42. g5 Ra6 43. Rxf3+ Kg6 44. Rd3 Rxa2 45. Kf4 Re2 46. Rb6+ Kg7 47. Rb1 Rf7+ 48. Kg4 Re4+ 49. Kh5 Rd7 50. Rb6 Re3 51. Rg6+ Kh8 52. Rxe3 dxe3 53. Re6 Kg8 54. Rxe3 Kg7 55. Re6 b5 56. Rb6 Rd5 57. Rb7+ Kf8 58. Kh6 Ke8 59. g6 Rd6 60. Kh7 Rd1 61. Rxb5 Rh1+ 62. Kg8 Ke7 63. Rb7+ Kf6 64. g7 Kg6 65. Rb6+ Kg5 66. Kf8 Rf1+ 67. Ke7 1-0

[Event "Hamburg-chA"]
[Site "Hamburg"]
[Date "2011.10.09"]
[Round "9.6"]
[White "Laber, Witalij"]
[Black "Chaichi Tehrani, Fereydoon"]
[Result "0-1"]
[WhiteElo "1381"]
[BlackElo "1286"]
[PlyCount "84"]
[EventDate "2011.10.09"]
[EventType "swiss"]
[EventRounds "9"]
[EventCountry "GER"]
[SourceTitle "EXT 2012"]
[Source "ChessBase"]
[SourceDate "2011.11.24"]
[SourceVersion "1"]
[SourceVersionDate "2011.11.24"]
[SourceQuality "1"]

1. d4 d5 2. Nf3 Nc6 3. e3 Bg4 4. h3 Bh5 5. Be2 Bxf3 6. Bxf3 Nf6 7. Nc3 e6 8. a3 Be7 9. Bd2 0-0 10. Qe2 a6 11. b4 b5 12. Rd1 Bd6 13. Qd3 Ne7 14. e4 dxe4 15. Nxe4 Ned5 16. Bg5 Rc8 17. Nxd6 Qxd6 18. Bxf6 Nxf6 19. 0-0 h6 20. c4 c6 21. c5 Qd7 22. Rfe1 Nd5 23. g3 Ra8 24. Bxd5 exd5 25. Re5 Qxh3 26. Rde1 f5 27. f4 h5 28. R1e2 Qg4 29. Rh2 Rae8 30. Rh4 Qg6 31. Kg2 Rxe5 32. dxe5 Ra8 33. Qf3 a5 34. Rxh5 axb4 35. axb4 Ra4 36. Rg5 Qf7 37. Qc3 Qe6 38. g4 fxg4 39. f5 Qh6 40. Rxg4 Ra2+ 41. Kf3 Qh3+ 42. Rg3 Qxf5+ 0-1

[Event "Pinneberg op Seniors 12th"]
[Site "Pinneberg"]
[Date "2011.07.14"]
[Round "5"]
[White "Laber, Witalij"]
[Black "Bobzin, Volker"]
[Result "0-1"]
[WhiteElo "1419"]
[BlackElo "1494"]
[PlyCount "136"]
[EventDate "2011.06.16"]
[EventType "swiss"]
[EventRounds "7"]
[EventCountry "GER"]
[SourceTitle "EXT 2012"]
[Source "ChessBase"]
[SourceDate "2011.11.24"]
[SourceVersion "1"]
[SourceVersionDate "2011.11.24"]
[SourceQuality "1"]

1. e4 e5 2. Bc4 Nf6 3. d3 Be7 4. Nc3 c6 5. Nf3 d6 6. h3 a5 7. a3 b5 8. Ba2 Nbd7 9. b4 Bb7 10. Bd2 a4 11. 0-0 0-0 12. Be3 Qc7 13. Qd2 h6 14. Ne2 d5 15. exd5 cxd5 16. Ng3 d4 17. Nf5 dxe3 18. fxe3 Bxf3 19. Nxe7+ Kh7 20. Rxf3 e4 21. Rf4 Qe5 22. Raf1 Qxe7 23. dxe4 Ne5 24. Bd5 Rad8 25. Qe1 Nxd5 26. exd5 Rxd5 27. Qf2 Rd6 28. e4 Rg6 29. Qc5 Qxc5+ 30. bxc5 Rc6 31. Rb1 Rxc5 32. Rf5 g6 33. Rf6 Rb8 34. Rd6 Rxc2 35. Rd5 Nc4 36. Rdxb5 Rxb5 37. Rxb5 Nxa3 38. Ra5 Rc4 39. e5 Re4 40. e6 Rxe6 41. Rxa4 Nb5 42. Rc4 Kg7 43. Kf2 Nd6 44. Rb4 h5 45. Kf3 f5 46. Rb8 Kf6 47. h4 Nf7 48. Rg8 Ne5+ 49. Kg3 Nd3 50. Kf3 Re4 51. Rd8 Ne5+ 52. Kg3 f4+ 53. Kf2 Kf5 54. Rd5 Kg4 55. Rd1 Kxh4 56. Rh1+ Kg5 57. Rd1 Ng4+ 58. Kg1 Kh4 59. Rf1 g5 60. Rc1 Kg3 61. Rc3+ Re3 62. Rc1 Re2 63. Rc3+ Ne3 64. Rc1 Rxg2+ 65. Kh1 Ng4 66. Rc3+ Ne3 67. Rxe3+ Kf2 68. Re2+ Kxe2 0-1

[Event "Hamburg-ch Seniors op 16th"]
[Site "Hamburg"]
[Date "2009.10.31"]
[Round "1"]
[White "Neumann, Horst"]
[Black "Laber, Witalij"]
[Result "1-0"]
[WhiteElo "1822"]
[BlackElo "1435"]
[PlyCount "77"]
[EventDate "2009.10.31"]
[EventType "swiss"]
[EventRounds "9"]
[EventCountry "GER"]
[SourceTitle "EXT 2022"]
[Source "ChessBase"]
[SourceDate "2021.10.06"]
[SourceVersion "1"]
[SourceVersionDate "2021.10.06"]
[SourceQuality "1"]

1. d4 Nf6 2. Nf3 d5 3. Bg5 Ne4 4. Bh4 Bg4 5. Ne5 Be6 6. Nd2 g5 7. Nxe4 gxh4 8. Ng5 Nc6 9. Nxe6 fxe6 10. Nf3 Bg7 11. e3 a6 12. Nxh4 Kd7 13. g3 Qf8 14. Bh3 Re8 15. Qh5 Kd6 16. 0-0 Qf6 17. c4 Nb4 18. c5+ Kc6 19. a3 Nd3 20. Qe2 Ne5 21. dxe5 Qxe5 22. Nf3 Qf6 23. Nd4+ Kd7 24. Bxe6+ Kd8 25. Bxd5 c6 26. Ne6+ Kc8 27. Nxg7 Qxg7 28. Bg2 h5 29. h4 Kb8 30. b4 e5 31. a4 e4 32. b5 cxb5 33. axb5 Rh6 34. bxa6 bxa6 35. Rxa6 Rxa6 36. Qxa6 Re7 37. Qd6+ Rc7 38. Rb1+ Kc8 39. Bh3+ 1-0

[Event "Pinneberg-ch"]
[Site "Pinneberg"]
[Date "2008.09.11"]
[Round "3"]
[White "Kehr, Hans Joachim"]
[Black "Laber, Witalij"]
[Result "1-0"]
[WhiteElo "1992"]
[BlackElo "1464"]
[PlyCount "71"]
[EventDate "2008.08.28"]
[EventType "swiss"]
[EventRounds "7"]
[EventCountry "GER"]
[SourceTitle "EXT 2011"]
[Source "ChessBase"]
[SourceDate "2010.11.26"]
[SourceVersion "1"]
[SourceVersionDate "2010.11.26"]
[SourceQuality "1"]

1. e4 c5 2. Nf3 Nc6 3. Bb5 a6 4. Bxc6 bxc6 5. 0-0 d6 6. Re1 e5 7. h3 Be7 8. c3 Bd7 9. d4 cxd4 10. cxd4 Qc7 11. Nc3 Nf6 12. Be3 0-0 13. Rc1 Qb8 14. b3 h6 15. Qd2 Kh7 16. Nh2 Be6 17. f4 exf4 18. Bxf4 Nh5 19. Be3 Qd8 20. Ne2 Rc8 21. Qd3 Qd7 22. g4 Bh4 23. gxh5 Bxe1 24. Rxe1 Bxh3 25. Nf4 d5 26. Bd2 Be6 27. Nxe6 fxe6 28. exd5+ Kh8 29. dxe6 Qe7 30. Qg3 Rf5 31. Re5 Rf6 32. Ng4 Rxe6 33. Bc3 Re8 34. Kg2 Qa3 35. Qf2 Qc1 36. Rxe6 1-0

[Event "Pinneberg-ch"]
[Site "Pinneberg"]
[Date "2008.09.04"]
[Round "2"]
[White "Laber, Witalij"]
[Black "Ladda, Niels"]
[Result "1-0"]
[WhiteElo "1464"]
[BlackElo "1458"]
[PlyCount "87"]
[EventDate "2008.08.28"]
[EventType "swiss"]
[EventRounds "7"]
[EventCountry "GER"]
[SourceTitle "EXT 2011"]
[Source "ChessBase"]
[SourceDate "2010.11.26"]
[SourceVersion "1"]
[SourceVersionDate "2010.11.26"]
[SourceQuality "1"]

1. e4 e6 2. c4 Bc5 3. d4 Bb4+ 4. Bd2 Qe7 5. a3 Bxd2+ 6. Qxd2 Nf6 7. Nc3 d5 8. e5 Ne4 9. Nxe4 dxe4 10. Qe3 f5 11. exf6 Qxf6 12. Qxe4 0-0 13. Nf3 c5 14. Bd3 g6 15. 0-0 cxd4 16. Ne5 Nd7 17. Rae1 Nc5 18. Qxd4 Nxd3 19. Qxd3 Rd8 20. Qe3 b6 21. b3 Bb7 22. Ng4 Qe7 23. Qe5 Qg7 24. Qxe6+ Kf8 25. Qf6+ Qf7 26. Qxf7+ Kxf7 27. Ne5+ Kf6 28. Re3 Rd6 29. Rfe1 Rad8 30. h3 h5 31. g4 Rd1 32. Kf1 hxg4 33. Nxg4+ Kf5 34. Rxd1 Rxd1+ 35. Ke2 Rh1 36. Rg3 Kf4 37. Ne3 Bf3+ 38. Kd2 Ke4 39. Rxg6 Rxh3 40. Re6+ Kf4 41. Nd5+ Bxd5 42. cxd5 Rxb3 43. d6 Rb5 44. Re3 1-0

[Event "Pinneberg-ch"]
[Site "Pinneberg"]
[Date "2004.09.23"]
[Round "7"]
[White "Rakhmanov, Vsevolod"]
[Black "Laber, Witalij"]
[Result "1-0"]
[WhiteElo "1720"]
[BlackElo "1466"]
[PlyCount "139"]
[EventDate "2004.08.12"]
[EventType "swiss"]
[EventRounds "7"]
[EventCountry "GER"]
[SourceTitle "EXT 2005"]
[Source "ChessBase"]
[SourceDate "2004.11.15"]
[SourceVersion "1"]
[SourceVersionDate "2004.11.15"]
[SourceQuality "1"]

1. e4 c5 2. Nf3 Nc6 3. d4 d6 4. d5 Ne5 5. Nxe5 dxe5 6. Bb5+ Bd7 7. Qe2 a6 8. Bxd7+ Qxd7 9. 0-0 e6 10. dxe6 Qxe6 11. c4 Nf6 12. f3 Be7 13. Nc3 0-0 14. Nd5 Bd6 15. a4 a5 16. b3 Nd7 17. g4 Nb8 18. Qe1 Nc6 19. Be3 Nd4 20. Qf2 f6 21. Rab1 Rf7 22. Qg2 Ra6 23. Kh1 g5 24. Rf2 Rc6 25. Qg3 b6 26. h4 h6 27. Rh2 Bf8 28. Qf2 Qd7 29. Kg2 Rd6 30. Kg3 Bg7 31. Rh3 Qe6 32. Qf1 Qd7 33. Qd1 Ne6 34. Rb2 Nd4 35. Rd2 Qe6 36. Rd3 Bh8 37. Bc1 Rg7 38. h5 Rgd7 39. Rh2 Bg7 40. Rhd2 Qf7 41. Bb2 Bf8 42. Kf2 Be7 43. Ne3 Qf8 44. Nf5 Nxf5 45. exf5 Rxd3 46. Rxd3 Rxd3 47. Qxd3 Qd8 48. Ke3 Kf8 49. Qxd8+ Bxd8 50. Ke4 Ke7 51. Kd5 Kd7 52. Bc1 Be7 53. Bd2 Bf8 54. Be3 Bd6 55. Bd2 Be7 56. Be1 Bd6 57. Bg3 Be7 58. Bxe5 fxe5 59. Kxe5 Bd8 60. f6 Bc7+ 61. Kf5 Bd6 62. Kg6 Bf8 63. Kf7 Bd6 64. Kg7 Ke6 65. f7 Ke5 66. Kxh6 Kf6 67. f4 gxf4 68. g5+ Kxf7 69. Kh7 Be5 70. g6+ 1-0